|
|
|
|
| LEADER |
00714nab a2200205 i 4500 |
| 001 |
acta12179 |
| 005 |
20220601132228.0 |
| 008 |
161015s1971 hu o 0|| eng d |
| 022 |
|
|
|a 0324-721X
|
| 040 |
|
|
|a SZTE Egyetemi Kiadványok Repozitórium
|b hun
|
| 041 |
|
|
|a eng
|
| 100 |
1 |
|
|a Ádám András
|
| 245 |
1 |
3 |
|a On some generalizations of cyclic networks
|h [elektronikus dokumentum] /
|c Ádám András
|
| 260 |
|
|
|c 1971
|
| 300 |
|
|
|a 105-119
|
| 490 |
0 |
|
|a Acta cybernetica
|v 1 No. 2
|
| 650 |
|
4 |
|a Természettudományok
|
| 650 |
|
4 |
|a Számítás- és információtudomány
|
| 695 |
|
|
|a Számítástechnika, Kibernetika
|
| 856 |
4 |
0 |
|u http://acta.bibl.u-szeged.hu/12179/1/cybernetica_001_fasc_002_105-119.pdf
|z Dokumentum-elérés
|